000 00442nam a2200181Ia 4500
005 20250423101518.0
008 250422s9999 xx 000 0 und d
020 _a978166390X
050 _aP 90 .A84/
100 _aAsemah, Ezekiel S.
245 0 _aTheories and models of communication
260 _aJos
260 _bJos University Press
260 _c2017
300 _a412 p
650 _a Communication--Philosophy.
942 _cBK
999 _c36503
_d36503